Udržateľný rozvoj obce bakalárska práca

Na minha lista:
Detalhes bibliográficos
Autor principal: Vámošová Potengová, Monika
Autor Corporativo: Národohospodárska fakulta EU. Katedra verejnej správy a regionálneho rozvoja
Outros Autores: Žárska, Elena, 1955-
Formato: Livro
Idioma:eslovaco
Publicado em: Bratislava 2014
Tags: Adicionar Tag
Sem tags, seja o primeiro a adicionar uma tag!

MARC

LEADER 00000nbm a2200000 4500
001 0189296
005 20170201085238.4
041 0 |a slo 
044 |a SK 
245 1 0 |a Udržateľný rozvoj obce  |b bakalárska práca  |c Monika Potengová ; školiteľ: Elena Žárska 
264 1 |a Bratislava  |c 2014 
300 |a 46 s. 
100 1 |a Vámošová Potengová, Monika 
700 1 |a Žárska, Elena, 1955- 
710 2 |a Národohospodárska fakulta EU. Katedra verejnej správy a regionálneho rozvoja